<?xml version="1.0" encoding="UTF-8"?>
<record
    xmlns:xsi="http://www.w3.org/2001/XMLSchema-instance"
    xsi:schemaLocation="http://www.loc.gov/MARC21/slim http://www.loc.gov/standards/marcxml/schema/MARC21slim.xsd"
    xmlns="http://www.loc.gov/MARC21/slim">

  <leader>01054nam a22002777a 4500</leader>
  <datafield tag="999" ind1=" " ind2=" ">
    <subfield code="c">161426</subfield>
    <subfield code="d">161426</subfield>
  </datafield>
  <controlfield tag="005">20190808113122.0</controlfield>
  <datafield tag="010" ind1=" " ind2=" ">
    <subfield code="a">1819CHEN    B-719007-9027</subfield>
  </datafield>
  <datafield tag="020" ind1=" " ind2=" ">
    <subfield code="a">9789352752386</subfield>
    <subfield code="c">395.00</subfield>
  </datafield>
  <datafield tag="035" ind1=" " ind2=" ">
    <subfield code="a">B-719007-9027</subfield>
  </datafield>
  <datafield tag="035" ind1=" " ind2=" ">
    <subfield code="a">B-728544</subfield>
  </datafield>
  <datafield tag="037" ind1=" " ind2=" ">
    <subfield code="b">Bharatiya Sahitya Bhavana</subfield>
  </datafield>
  <datafield tag="082" ind1=" " ind2=" ">
    <subfield code="a">S</subfield>
  </datafield>
  <datafield tag="100" ind1=" " ind2=" ">
    <subfield code="a">Stilton, Geronimo</subfield>
  </datafield>
  <datafield tag="245" ind1=" " ind2=" ">
    <subfield code="a">Cyber-thief showdown /</subfield>
    <subfield code="c">by Geronimo Stilton; translated by Anna Pizzelli; illustrated by Giuseppe Ferrario,Roberta Bianchi [and] Giulia Zaffaroni</subfield>
  </datafield>
  <datafield tag="260" ind1=" " ind2=" ">
    <subfield code="a">New York</subfield>
    <subfield code="b">Scholastic Inc.</subfield>
    <subfield code="c">2018 (repr.)</subfield>
  </datafield>
  <datafield tag="270" ind1=" " ind2=" ">
    <subfield code="a">557 Broadway</subfield>
    <subfield code="b">New York</subfield>
    <subfield code="e">10012</subfield>
  </datafield>
  <datafield tag="300" ind1=" " ind2=" ">
    <subfield code="a">107p.:</subfield>
    <subfield code="b">col. ill.</subfield>
    <subfield code="c">20cm(Hb)</subfield>
  </datafield>
  <datafield tag="500" ind1=" " ind2=" ">
    <subfield code="a">Airport</subfield>
  </datafield>
  <datafield tag="700" ind1=" " ind2=" ">
    <subfield code="a">Pizzelli, Anna </subfield>
  </datafield>
  <datafield tag="700" ind1=" " ind2=" ">
    <subfield code="a">Ferrario,Giuseppe </subfield>
  </datafield>
  <datafield tag="700" ind1=" " ind2=" ">
    <subfield code="a">Bianchi,Roberta </subfield>
  </datafield>
  <datafield tag="700" ind1=" " ind2=" ">
    <subfield code="a">Zaffaroni,Giulia </subfield>
  </datafield>
  <datafield tag="942" ind1=" " ind2=" ">
    <subfield code="2">ddc</subfield>
    <subfield code="c">CH</subfield>
    <subfield code="m">STI</subfield>
    <subfield code="h">S</subfield>
  </datafield>
  <datafield tag="952" ind1=" " ind2=" ">
    <subfield code="0">0</subfield>
    <subfield code="1">0</subfield>
    <subfield code="4">0</subfield>
    <subfield code="7">0</subfield>
    <subfield code="8">FIC</subfield>
    <subfield code="a">M</subfield>
    <subfield code="b">M</subfield>
    <subfield code="d">2019-04-24</subfield>
    <subfield code="e">BSB/540/25-03-19/600/13-03-19/28-03-19</subfield>
    <subfield code="g">395.00</subfield>
    <subfield code="l">0</subfield>
    <subfield code="o">S STI</subfield>
    <subfield code="p">B-719007</subfield>
    <subfield code="r">2019-04-24 00:00:00</subfield>
    <subfield code="t">20</subfield>
    <subfield code="v">395.00</subfield>
    <subfield code="w">2019-04-24</subfield>
    <subfield code="y">CH</subfield>
    <subfield code="z">AAI(CSR)</subfield>
  </datafield>
  <datafield tag="952" ind1=" " ind2=" ">
    <subfield code="0">0</subfield>
    <subfield code="1">0</subfield>
    <subfield code="4">0</subfield>
    <subfield code="7">0</subfield>
    <subfield code="8">FIC</subfield>
    <subfield code="a">M</subfield>
    <subfield code="b">M</subfield>
    <subfield code="d">2019-04-24</subfield>
    <subfield code="e">BSB/540/25-03-19/600/13-03-19/28-03-19</subfield>
    <subfield code="g">395.00</subfield>
    <subfield code="l">0</subfield>
    <subfield code="o">S STI</subfield>
    <subfield code="p">B-719008</subfield>
    <subfield code="r">2019-04-24 00:00:00</subfield>
    <subfield code="t">20</subfield>
    <subfield code="v">395.00</subfield>
    <subfield code="w">2019-04-24</subfield>
    <subfield code="y">CH</subfield>
    <subfield code="z">AAI(CSR)</subfield>
  </datafield>
  <datafield tag="952" ind1=" " ind2=" ">
    <subfield code="0">0</subfield>
    <subfield code="1">0</subfield>
    <subfield code="4">0</subfield>
    <subfield code="7">0</subfield>
    <subfield code="8">FIC</subfield>
    <subfield code="a">M</subfield>
    <subfield code="b">M</subfield>
    <subfield code="d">2019-04-24</subfield>
    <subfield code="e">BSB/540/25-03-19/600/13-03-19/28-03-19</subfield>
    <subfield code="g">395.00</subfield>
    <subfield code="l">0</subfield>
    <subfield code="o">S STI</subfield>
    <subfield code="p">B-719009</subfield>
    <subfield code="r">2019-04-24 00:00:00</subfield>
    <subfield code="t">20</subfield>
    <subfield code="v">395.00</subfield>
    <subfield code="w">2019-04-24</subfield>
    <subfield code="y">CH</subfield>
    <subfield code="z">AAI(CSR)</subfield>
  </datafield>
  <datafield tag="952" ind1=" " ind2=" ">
    <subfield code="0">0</subfield>
    <subfield code="1">0</subfield>
    <subfield code="4">0</subfield>
    <subfield code="7">0</subfield>
    <subfield code="8">FIC</subfield>
    <subfield code="a">M</subfield>
    <subfield code="b">M</subfield>
    <subfield code="d">2019-04-24</subfield>
    <subfield code="e">BSB/540/25-03-19/600/13-03-19/28-03-19</subfield>
    <subfield code="g">395.00</subfield>
    <subfield code="l">0</subfield>
    <subfield code="o">S STI</subfield>
    <subfield code="p">B-719010</subfield>
    <subfield code="r">2019-04-24 00:00:00</subfield>
    <subfield code="t">20</subfield>
    <subfield code="v">395.00</subfield>
    <subfield code="w">2019-04-24</subfield>
    <subfield code="y">CH</subfield>
    <subfield code="z">AAI(CSR)</subfield>
  </datafield>
  <datafield tag="952" ind1=" " ind2=" ">
    <subfield code="0">0</subfield>
    <subfield code="1">0</subfield>
    <subfield code="4">0</subfield>
    <subfield code="7">0</subfield>
    <subfield code="8">FIC</subfield>
    <subfield code="a">M</subfield>
    <subfield code="b">M</subfield>
    <subfield code="d">2019-04-24</subfield>
    <subfield code="e">BSB/540/25-03-19/600/13-03-19/28-03-19</subfield>
    <subfield code="g">395.00</subfield>
    <subfield code="l">0</subfield>
    <subfield code="o">S STI</subfield>
    <subfield code="p">B-719011</subfield>
    <subfield code="r">2019-04-24 00:00:00</subfield>
    <subfield code="t">20</subfield>
    <subfield code="v">395.00</subfield>
    <subfield code="w">2019-04-24</subfield>
    <subfield code="y">CH</subfield>
    <subfield code="z">AAI(CSR)</subfield>
  </datafield>
  <datafield tag="952" ind1=" " ind2=" ">
    <subfield code="0">0</subfield>
    <subfield code="1">0</subfield>
    <subfield code="4">0</subfield>
    <subfield code="7">0</subfield>
    <subfield code="8">FIC</subfield>
    <subfield code="a">M</subfield>
    <subfield code="b">M</subfield>
    <subfield code="d">2019-04-24</subfield>
    <subfield code="e">BSB/540/25-03-19/600/13-03-19/28-03-19</subfield>
    <subfield code="g">395.00</subfield>
    <subfield code="l">0</subfield>
    <subfield code="o">S STI</subfield>
    <subfield code="p">B-719012</subfield>
    <subfield code="r">2019-04-24 00:00:00</subfield>
    <subfield code="t">20</subfield>
    <subfield code="v">395.00</subfield>
    <subfield code="w">2019-04-24</subfield>
    <subfield code="y">CH</subfield>
    <subfield code="z">AAI(CSR)</subfield>
  </datafield>
  <datafield tag="952" ind1=" " ind2=" ">
    <subfield code="0">0</subfield>
    <subfield code="1">0</subfield>
    <subfield code="4">0</subfield>
    <subfield code="7">0</subfield>
    <subfield code="8">FIC</subfield>
    <subfield code="a">M</subfield>
    <subfield code="b">M</subfield>
    <subfield code="d">2019-04-24</subfield>
    <subfield code="e">BSB/540/25-03-19/600/13-03-19/28-03-19</subfield>
    <subfield code="g">395.00</subfield>
    <subfield code="l">0</subfield>
    <subfield code="o">S STI</subfield>
    <subfield code="p">B-719013</subfield>
    <subfield code="r">2019-04-24 00:00:00</subfield>
    <subfield code="t">20</subfield>
    <subfield code="v">395.00</subfield>
    <subfield code="w">2019-04-24</subfield>
    <subfield code="y">CH</subfield>
    <subfield code="z">AAI(CSR)</subfield>
  </datafield>
  <datafield tag="952" ind1=" " ind2=" ">
    <subfield code="0">0</subfield>
    <subfield code="1">0</subfield>
    <subfield code="4">0</subfield>
    <subfield code="7">0</subfield>
    <subfield code="8">FIC</subfield>
    <subfield code="a">M</subfield>
    <subfield code="b">M</subfield>
    <subfield code="d">2019-04-24</subfield>
    <subfield code="e">BSB/540/25-03-19/600/13-03-19/28-03-19</subfield>
    <subfield code="g">395.00</subfield>
    <subfield code="l">0</subfield>
    <subfield code="o">S STI</subfield>
    <subfield code="p">B-719014</subfield>
    <subfield code="r">2019-04-24 00:00:00</subfield>
    <subfield code="t">20</subfield>
    <subfield code="v">395.00</subfield>
    <subfield code="w">2019-04-24</subfield>
    <subfield code="y">CH</subfield>
    <subfield code="z">AAI(CSR)</subfield>
  </datafield>
  <datafield tag="952" ind1=" " ind2=" ">
    <subfield code="0">0</subfield>
    <subfield code="1">0</subfield>
    <subfield code="4">0</subfield>
    <subfield code="7">0</subfield>
    <subfield code="8">FIC</subfield>
    <subfield code="a">M</subfield>
    <subfield code="b">M</subfield>
    <subfield code="d">2019-04-24</subfield>
    <subfield code="e">BSB/540/25-03-19/600/13-03-19/28-03-19</subfield>
    <subfield code="g">395.00</subfield>
    <subfield code="l">0</subfield>
    <subfield code="o">S STI</subfield>
    <subfield code="p">B-719015</subfield>
    <subfield code="r">2019-04-24 00:00:00</subfield>
    <subfield code="t">20</subfield>
    <subfield code="v">395.00</subfield>
    <subfield code="w">2019-04-24</subfield>
    <subfield code="y">CH</subfield>
    <subfield code="z">AAI(CSR)</subfield>
  </datafield>
  <datafield tag="952" ind1=" " ind2=" ">
    <subfield code="0">0</subfield>
    <subfield code="1">0</subfield>
    <subfield code="4">0</subfield>
    <subfield code="7">0</subfield>
    <subfield code="8">FIC</subfield>
    <subfield code="a">M</subfield>
    <subfield code="b">M</subfield>
    <subfield code="d">2019-04-24</subfield>
    <subfield code="e">BSB/540/25-03-19/600/13-03-19/28-03-19</subfield>
    <subfield code="g">395.00</subfield>
    <subfield code="l">0</subfield>
    <subfield code="o">S STI</subfield>
    <subfield code="p">B-719016</subfield>
    <subfield code="r">2019-04-24 00:00:00</subfield>
    <subfield code="t">20</subfield>
    <subfield code="v">395.00</subfield>
    <subfield code="w">2019-04-24</subfield>
    <subfield code="y">CH</subfield>
    <subfield code="z">AAI(CSR)</subfield>
  </datafield>
  <datafield tag="952" ind1=" " ind2=" ">
    <subfield code="0">0</subfield>
    <subfield code="1">0</subfield>
    <subfield code="4">0</subfield>
    <subfield code="7">0</subfield>
    <subfield code="8">FIC</subfield>
    <subfield code="a">M</subfield>
    <subfield code="b">M</subfield>
    <subfield code="d">2019-04-24</subfield>
    <subfield code="e">BSB/540/25-03-19/600/13-03-19/28-03-19</subfield>
    <subfield code="g">395.00</subfield>
    <subfield code="l">0</subfield>
    <subfield code="o">S STI</subfield>
    <subfield code="p">B-719017</subfield>
    <subfield code="r">2019-04-24 00:00:00</subfield>
    <subfield code="t">20</subfield>
    <subfield code="v">395.00</subfield>
    <subfield code="w">2019-04-24</subfield>
    <subfield code="y">CH</subfield>
    <subfield code="z">AAI(CSR)</subfield>
  </datafield>
  <datafield tag="952" ind1=" " ind2=" ">
    <subfield code="0">0</subfield>
    <subfield code="1">0</subfield>
    <subfield code="4">0</subfield>
    <subfield code="7">0</subfield>
    <subfield code="8">FIC</subfield>
    <subfield code="a">M</subfield>
    <subfield code="b">M</subfield>
    <subfield code="d">2019-04-24</subfield>
    <subfield code="e">BSB/540/25-03-19/600/13-03-19/28-03-19</subfield>
    <subfield code="g">395.00</subfield>
    <subfield code="l">0</subfield>
    <subfield code="o">S STI</subfield>
    <subfield code="p">B-719018</subfield>
    <subfield code="r">2019-04-24 00:00:00</subfield>
    <subfield code="t">20</subfield>
    <subfield code="v">395.00</subfield>
    <subfield code="w">2019-04-24</subfield>
    <subfield code="y">CH</subfield>
    <subfield code="z">AAI(CSR)</subfield>
  </datafield>
  <datafield tag="952" ind1=" " ind2=" ">
    <subfield code="0">0</subfield>
    <subfield code="1">0</subfield>
    <subfield code="4">0</subfield>
    <subfield code="7">0</subfield>
    <subfield code="8">FIC</subfield>
    <subfield code="a">M</subfield>
    <subfield code="b">M</subfield>
    <subfield code="d">2019-04-24</subfield>
    <subfield code="e">BSB/540/25-03-19/600/13-03-19/28-03-19</subfield>
    <subfield code="g">395.00</subfield>
    <subfield code="l">0</subfield>
    <subfield code="o">S STI</subfield>
    <subfield code="p">B-719019</subfield>
    <subfield code="r">2019-04-24 00:00:00</subfield>
    <subfield code="t">20</subfield>
    <subfield code="v">395.00</subfield>
    <subfield code="w">2019-04-24</subfield>
    <subfield code="y">CH</subfield>
    <subfield code="z">AAI(CSR)</subfield>
  </datafield>
  <datafield tag="952" ind1=" " ind2=" ">
    <subfield code="0">0</subfield>
    <subfield code="1">0</subfield>
    <subfield code="4">0</subfield>
    <subfield code="7">0</subfield>
    <subfield code="8">FIC</subfield>
    <subfield code="a">M</subfield>
    <subfield code="b">M</subfield>
    <subfield code="d">2019-04-24</subfield>
    <subfield code="e">BSB/540/25-03-19/600/13-03-19/28-03-19</subfield>
    <subfield code="g">395.00</subfield>
    <subfield code="l">0</subfield>
    <subfield code="o">S STI</subfield>
    <subfield code="p">B-719020</subfield>
    <subfield code="r">2019-04-24 00:00:00</subfield>
    <subfield code="t">20</subfield>
    <subfield code="v">395.00</subfield>
    <subfield code="w">2019-04-24</subfield>
    <subfield code="y">CH</subfield>
    <subfield code="z">AAI(CSR)</subfield>
  </datafield>
  <datafield tag="952" ind1=" " ind2=" ">
    <subfield code="0">0</subfield>
    <subfield code="1">0</subfield>
    <subfield code="4">0</subfield>
    <subfield code="7">0</subfield>
    <subfield code="8">FIC</subfield>
    <subfield code="a">M</subfield>
    <subfield code="b">M</subfield>
    <subfield code="d">2019-04-24</subfield>
    <subfield code="e">BSB/540/25-03-19/600/13-03-19/28-03-19</subfield>
    <subfield code="g">395.00</subfield>
    <subfield code="l">0</subfield>
    <subfield code="o">S STI</subfield>
    <subfield code="p">B-719021</subfield>
    <subfield code="r">2019-04-24 00:00:00</subfield>
    <subfield code="t">20</subfield>
    <subfield code="v">395.00</subfield>
    <subfield code="w">2019-04-24</subfield>
    <subfield code="y">CH</subfield>
    <subfield code="z">AAI(CSR)</subfield>
  </datafield>
  <datafield tag="952" ind1=" " ind2=" ">
    <subfield code="0">0</subfield>
    <subfield code="1">0</subfield>
    <subfield code="4">0</subfield>
    <subfield code="7">0</subfield>
    <subfield code="8">FIC</subfield>
    <subfield code="a">M</subfield>
    <subfield code="b">M</subfield>
    <subfield code="d">2019-04-24</subfield>
    <subfield code="e">BSB/540/25-03-19/600/13-03-19/28-03-19</subfield>
    <subfield code="g">395.00</subfield>
    <subfield code="l">0</subfield>
    <subfield code="o">S STI</subfield>
    <subfield code="p">B-719022</subfield>
    <subfield code="r">2019-04-24 00:00:00</subfield>
    <subfield code="t">20</subfield>
    <subfield code="v">395.00</subfield>
    <subfield code="w">2019-04-24</subfield>
    <subfield code="y">CH</subfield>
    <subfield code="z">AAI(CSR)</subfield>
  </datafield>
  <datafield tag="952" ind1=" " ind2=" ">
    <subfield code="0">0</subfield>
    <subfield code="1">0</subfield>
    <subfield code="4">0</subfield>
    <subfield code="7">0</subfield>
    <subfield code="8">FIC</subfield>
    <subfield code="a">M</subfield>
    <subfield code="b">M</subfield>
    <subfield code="d">2019-04-24</subfield>
    <subfield code="e">BSB/540/25-03-19/600/13-03-19/28-03-19</subfield>
    <subfield code="g">395.00</subfield>
    <subfield code="l">0</subfield>
    <subfield code="o">S STI</subfield>
    <subfield code="p">B-719023</subfield>
    <subfield code="r">2019-04-24 00:00:00</subfield>
    <subfield code="t">20</subfield>
    <subfield code="v">395.00</subfield>
    <subfield code="w">2019-04-24</subfield>
    <subfield code="y">CH</subfield>
    <subfield code="z">AAI(CSR)</subfield>
  </datafield>
  <datafield tag="952" ind1=" " ind2=" ">
    <subfield code="0">0</subfield>
    <subfield code="1">0</subfield>
    <subfield code="4">0</subfield>
    <subfield code="7">0</subfield>
    <subfield code="8">FIC</subfield>
    <subfield code="a">M</subfield>
    <subfield code="b">M</subfield>
    <subfield code="d">2019-04-24</subfield>
    <subfield code="e">BSB/540/25-03-19/600/13-03-19/28-03-19</subfield>
    <subfield code="g">395.00</subfield>
    <subfield code="l">0</subfield>
    <subfield code="o">S STI</subfield>
    <subfield code="p">B-719024</subfield>
    <subfield code="r">2019-04-24 00:00:00</subfield>
    <subfield code="t">20</subfield>
    <subfield code="v">395.00</subfield>
    <subfield code="w">2019-04-24</subfield>
    <subfield code="y">CH</subfield>
    <subfield code="z">AAI(CSR)</subfield>
  </datafield>
  <datafield tag="952" ind1=" " ind2=" ">
    <subfield code="0">0</subfield>
    <subfield code="1">0</subfield>
    <subfield code="4">0</subfield>
    <subfield code="7">0</subfield>
    <subfield code="8">FIC</subfield>
    <subfield code="a">M</subfield>
    <subfield code="b">M</subfield>
    <subfield code="d">2019-04-24</subfield>
    <subfield code="e">BSB/540/25-03-19/600/13-03-19/28-03-19</subfield>
    <subfield code="g">395.00</subfield>
    <subfield code="l">0</subfield>
    <subfield code="o">S STI</subfield>
    <subfield code="p">B-719025</subfield>
    <subfield code="r">2019-04-24 00:00:00</subfield>
    <subfield code="t">20</subfield>
    <subfield code="v">395.00</subfield>
    <subfield code="w">2019-04-24</subfield>
    <subfield code="y">CH</subfield>
    <subfield code="z">AAI(CSR)</subfield>
  </datafield>
  <datafield tag="952" ind1=" " ind2=" ">
    <subfield code="0">0</subfield>
    <subfield code="1">0</subfield>
    <subfield code="4">0</subfield>
    <subfield code="7">0</subfield>
    <subfield code="8">FIC</subfield>
    <subfield code="a">M</subfield>
    <subfield code="b">M</subfield>
    <subfield code="d">2019-04-24</subfield>
    <subfield code="e">BSB/540/25-03-19/600/13-03-19/28-03-19</subfield>
    <subfield code="g">395.00</subfield>
    <subfield code="l">0</subfield>
    <subfield code="o">S STI</subfield>
    <subfield code="p">B-719026</subfield>
    <subfield code="r">2019-04-24 00:00:00</subfield>
    <subfield code="t">20</subfield>
    <subfield code="v">395.00</subfield>
    <subfield code="w">2019-04-24</subfield>
    <subfield code="y">CH</subfield>
    <subfield code="z">AAI(CSR)</subfield>
  </datafield>
  <datafield tag="952" ind1=" " ind2=" ">
    <subfield code="0">0</subfield>
    <subfield code="1">0</subfield>
    <subfield code="4">0</subfield>
    <subfield code="7">0</subfield>
    <subfield code="8">FIC</subfield>
    <subfield code="a">L</subfield>
    <subfield code="b">L</subfield>
    <subfield code="d">2019-04-24</subfield>
    <subfield code="e">BSB/540/25-03-19/600/13-03-19/28-03-19</subfield>
    <subfield code="g">395.00</subfield>
    <subfield code="l">5</subfield>
    <subfield code="m">2</subfield>
    <subfield code="o">S STI</subfield>
    <subfield code="p">B-719027</subfield>
    <subfield code="r">2025-10-07 00:00:00</subfield>
    <subfield code="s">2025-09-24</subfield>
    <subfield code="t">1</subfield>
    <subfield code="v">395.00</subfield>
    <subfield code="y">CH</subfield>
    <subfield code="z">AAI(CSR)</subfield>
  </datafield>
  <datafield tag="952" ind1=" " ind2=" ">
    <subfield code="0">0</subfield>
    <subfield code="1">0</subfield>
    <subfield code="4">0</subfield>
    <subfield code="7">0</subfield>
    <subfield code="8">FIC</subfield>
    <subfield code="a">L</subfield>
    <subfield code="b">L</subfield>
    <subfield code="d">2019-08-08</subfield>
    <subfield code="e">Gift/05.08.2019</subfield>
    <subfield code="g">395.00</subfield>
    <subfield code="l">9</subfield>
    <subfield code="m">1</subfield>
    <subfield code="o">S STI</subfield>
    <subfield code="p">B-728544</subfield>
    <subfield code="r">2024-03-18 00:00:00</subfield>
    <subfield code="s">2024-03-12</subfield>
    <subfield code="t">1</subfield>
    <subfield code="v">395.00</subfield>
    <subfield code="y">CH</subfield>
  </datafield>
</record>
